| 000 | 00345 a2200145 4500 | ||
|---|---|---|---|
| 001 | 48397 | ||
| 040 | _cAnchieta - Bela Vista | ||
| 100 | _aOliveira, Fabiano Viana | ||
| 240 | 1 | 0 |
_aMiteus e o monstro da internet _lpor |
| 245 | 1 | 0 | _aMiteus e o monstro da internet |
| 300 | _a24 | ||
| 362 | 0 | _a2018 | |
| 650 | 4 | _aLiteratura infantil | |
| 942 | _cBK | ||
| 999 |
_c48397 _d48397 |
||